00449pab a2200145 454500008004000000100001700040245009800057260000900155300001300164362001200177650003800189650003000227650001400257773003200271180718b1995 xxu||||| |||| 00| 0 eng d aUberoi, N.K. aHigher educationbthe fate of commissions and committees - a lesson for twenty first century. c1995 ap.485-94 aMonsoon aUniversities and colleges - India aEducation, Higher - India aEducation aJournal of Higher Education